[Event "ISR-chT 1011"]
[Site "Israel"]
[Date "2011.06.03"]
[Round "9.6"]
[White "Gruenfeld, Yehuda"]
[Black "Liss, Arik"]
[Result "1-0"]
[WhiteElo "2472"]
[BlackElo "2241"]
[PlyCount "127"]
[EventDate "2010.12.24"]
[EventType "team-tourn"]
[EventRounds "11"]
[EventCountry "ISR"]
[SourceTitle "EXT 2012"]
[Source "ChessBase"]
[SourceDate "2011.11.24"]
[SourceVersion "1"]
[SourceVersionDate "2011.11.24"]
[SourceQuality "1"]
[WhiteTeam "Ashdod"]
[BlackTeam "Tel Aviv Shlomo Har Zvi"]
[WhiteTeamCountry "ISR"]
[BlackTeamCountry "ISR"]

1. e4 e5 2. Nf3 Nc6 3. Nc3 Nf6 4. Bb5 Bb4 5. 0-0 0-0 6. d3 d6 7. Bg5 Bxc3 8. bxc3 Qe7 9. Re1 Nd8 10. d4 Ne6 11. Bc1 c6 12. Bf1 Qc7 13. g3 Re8 14. Bg2 Bd7 15. Nh4 Rad8 16. f4 Qa5 17. Bd2 Bc8 18. a4 Qc7 19. Nf5 Nf8 20. Nxd6 Qxd6 21. fxe5 Qe6 22. exf6 Qxf6 23. Qh5 Qg6 24. Qxg6 Nxg6 25. Be3 h6 26. a5 f5 27. e5 Ne7 28. c4 Be6 29. Bf1 Rd7 30. c3 Red8 31. Reb1 Nc8 32. c5 a6 33. Rb2 Rc7 34. Rab1 Rdd7 35. Rb4 Ne7 36. c4 Kf7 37. Rd1 Rc8 38. Rd2 Rcc7 39. Kf2 Ke8 40. Ke1 Kd8 41. Kd1 Kc8 42. Kc2 Ng8 43. Bg2 Ne7 44. Kc3 Rd8 45. Rb1 g5 46. h4 f4 47. gxf4 Nf5 48. Bf2 gxf4 49. Re1 Rf7 50. Bf3 Ne3 51. Bxe3 fxe3 52. Rxe3 Rf4 53. d5 cxd5 54. cxd5 Ra4 55. Kb3 Rf4 56. Bg2 Rxh4 57. Ree2 Bd7 58. e6 Ba4+ 59. Ka3 Rg8 60. Re4 Rxg2 61. Rxg2 Rxe4 62. Rg8+ Kc7 63. d6+ Kc6 64. d7 1-0